Géographie par images en C - Statistiques

Statistiques générales
  • Ce quiz a été pris 919 fois
  • Le résultat moyen est 18 sur 32
Statistiques - réponses
Par images Hint Réponse % Correct
Ville égyptienne : Le ... Caire
97%
Pays Cameroun
92%
Monument Colisée
90%
Pays Chili
86%
Pays Chine
86%
Pays Canada
84%
Pays Cuba
84%
Pays Costa Rica
81%
Etendue d'eau : mer ... Caspienne
80%
Pays Croatie
79%
Etendue d'eau : mer des ... Caraïbes
78%
Etat des USA Californie
76%
Région Côte d'Azur
61%
Ville française Cannes
60%
Ville britannique Cambridge
56%
Département français Creuse
55%
Ville mexicaine Cancún
54%
Département français Cantal
52%
Ville française Chamonix-Mont-Blanc
51%
Chaîne de montagnes Cordillère des Andes
49%
Capitale d'un pays européen Copenhague
48%
Île Crète
45%
Ville française Carcassonne
42%
Monument Cité interdite
40%
Ville corse Calvi
38%
Pays Centrafrique
36%
Ville française Calais
35%
Ville britannique Cardiff
35%
Monument Chenonceau
31%
Ville sud-américaine Cayenne
6%
Région Castille
4%
Ville italienne Capoue
2%
Aucun quiz correspondant
Distribution des résultats
% des personnes avec chaque résultat
Percentile par nombre de réponses
Votre historique - résultats
Vous n’avez pas pris ce quiz